Ключи гаечные; ГОСТ 2838-80 (СТ СЭВ 1285-78) Ключи гаечные. Общие технические условия; ГОСТ 2839-80 (СТ СЭВ 1286-78) Ключи гаечные с открытым зевом двусторонние. Конструкция и размеры; ГОСТ 2841-80 (СТ СЭВ 1292-78) Кючи гаечные с открытым зевом односторонние. Конструкция и размеры; ГОСТ 2906-80 (СТ СЭВ 1292-78) ключи гаечные коьцевые двусторонние коленчатые. Конструкция и размеры; ГОСТ 16983-80 (СТ СЭВ 1293-78) Ключи гаечные комбинированные. Конструкция и размеры

Detalles Bibliográficos
Autor Corporativo: СССР Государственный комитет по стандартам (Госстандарт)
Lenguaje:ruso
Publicado: Москва, Издательство стандартов, 1987
Edición:Изд. официальное
TOC:ГОСТ 2838-80 (СТ СЭВ 1285-78) Ключи гаечные. Общие технические условия;
ГОСТ 2839-80 (СТ СЭВ 1286-78) Ключи гаечные с открытым зевом двусторонние. Конструкция и размеры;
ГОСТ 2841-80 (СТ СЭВ 1292-78) Кючи гаечные с открытым зевом односторонние. Конструкция и размеры;
ГОСТ 2906-80 (СТ СЭВ 1292-78) ключи гаечные коьцевые двусторонние коленчатые. Конструкция и размеры;
ГОСТ 16983-80 (СТ СЭВ 1293-78) Ключи гаечные комбинированные. Конструкция и размеры;
Colección:Государственные стандарты
Materias:
Formato: Libro
KOHA link:https://koha.lib.tpu.ru/cgi-bin/koha/opac-detail.pl?biblionumber=148085

MARC

LEADER 00000nam0a2200000 4500
001 148085
005 20231031145312.0
035 |a (RuTPU)RU\TPU\book\160518 
035 |a RU\TPU\book\160517 
090 |a 148085 
100 |a 20081126d1987 km y0rusy50 ca 
101 0 |a rus 
102 |a RU 
105 |a a l 000zy 
200 1 |a Ключи гаечные 
205 |a Изд. официальное 
210 |a Москва  |c Издательство стандартов  |d 1987 
215 |a 43 с.  |c ил. 
225 1 |a Государственные стандарты 
229 |a Введены в действие Постановлением Государственного комитета СССР по стандартам от 16 июня 1980 г. № 2799 
464 |t ГОСТ 2838-80 (СТ СЭВ 1285-78) Ключи гаечные. Общие технические условия 
464 |t ГОСТ 2839-80 (СТ СЭВ 1286-78) Ключи гаечные с открытым зевом двусторонние. Конструкция и размеры 
464 |t ГОСТ 2841-80 (СТ СЭВ 1292-78) Кючи гаечные с открытым зевом односторонние. Конструкция и размеры 
464 |t ГОСТ 2906-80 (СТ СЭВ 1292-78) ключи гаечные коьцевые двусторонние коленчатые. Конструкция и размеры 
464 |t ГОСТ 16983-80 (СТ СЭВ 1293-78) Ключи гаечные комбинированные. Конструкция и размеры 
610 1 |a ГОСТы 
610 1 |a ключи 
610 1 |a гаечные ключи 
610 1 |a конструкция 
610 1 |a размеры 
712 0 1 |a СССР  |b Государственный комитет по стандартам (Госстандарт)  |c (1978-1989)  |2 stltpush  |3 (RuTPU)RU\TPU\col\12454 
801 1 |a RU  |b 63413507  |c 20031205  |g PSBO 
801 2 |a RU  |b 63413507  |c 20221208  |g PSBO 
942 |c BK